Kαππαδοκία και Ελληνισμός
Αποθηκεύτηκε σε:
| Κύριος συγγραφέας: | |
|---|---|
| Μορφή: | Βιβλίο |
| Γλώσσα: | Greek |
| Δημοσίευση: |
Μυτιλήνη :
Διεθνής Εταιρία Μελετών και Περφερειακής Ανάπτυξης,
1994
|
| Θέματα: | |
| Ετικέτες: |
Προσθήκη ετικέτας
Δεν υπάρχουν, Καταχωρήστε ετικέτα πρώτοι!
|
MARC
| LEADER | 00000nam a2200000 i 4500 | ||
|---|---|---|---|
| 001 | 1/67236 | ||
| 008 | 071211s1994 gre d | ||
| 035 | |l 10093020 | ||
| 040 | |a GR-MY-UA |b gre |e aacr | ||
| 041 | 0 | |a gre | |
| 082 | 0 | |a 907.2 |2 (22) | |
| 100 | 1 | |a Στελλάκου, Βάσω Μ. | |
| 245 | 1 | 0 | |a Kαππαδοκία και Ελληνισμός / |c Βάσω Στελλάκου |
| 260 | |a Μυτιλήνη : |b Διεθνής Εταιρία Μελετών και Περφερειακής Ανάπτυξης, |c 1994 | ||
| 300 | |a 74 σ.; |b εικ., χάρτες; |c 24 εκ. | ||
| 504 | |a Περιλαμβάνει βιβλιογραφίες | ||
| 650 | 0 | 0 | |a History |x Research. |
| 852 | |a INST |b CHIOS |e 20071211 |h 907.2 ΣΤΕ |p 005200028368 |q 005200028368 |t BK |y 0 | ||
| 901 | |a BIBL2-2007-3 | ||
| 909 | |a Χ |b 131565 | ||
| 920 | |y ΧΙΟΣ |z 1994-02 | ||
| 970 | |a ΒΑΡΦΗΣ |b ΒΑΓΓΕΛΗΣ |z 2007/12/11 | ||